000 00470nam a2200157 i 4500
001 29529
003 ES-MaACL
005 20230906154041.0
007 t|
008 030122s1948 xxk ||||1| eng d
100 1 _aBarker, Ernest.
_925677
245 1 0 _aTraditions of civility
_b: eight essays /
_cby Ernest Barker.
260 _aCambridge :
_bUniversity Press,
_c1948 (
_fBrooke Crutchley)
300 _a369 p., 1 lám. ;
_c23 cm.
852 _aES-MaACL
_jD-7730
_bR.29767
999 _c29529
_d29529